| 000 | 00841cam a2200301 4500 | ||
|---|---|---|---|
| 008 | 090401t1998 xxu||||| |||| 00| 0 eng d | ||
| 020 | _a1861341059 | ||
| 035 | _a(Sirsi) u86883 | ||
| 041 | _aeng | ||
| 050 | _a711.52094248 | ||
| 100 | _aGroves, Rick | ||
| 245 | 2 | _aA good investment? The impact of urban renewal on an inner-city housing market. | |
| 260 |
_aBristol _bPolicy Press _c1998 |
||
| 300 | _av,62p. : ill. ; 30cm. | ||
| 350 | _a13.95 | ||
| 490 | _aHousing Repair and Maintenance | ||
| 520 | _aResearch sponsored by Joseph Rowntree Foundation. | ||
| 650 | _aBIRMINGHAM | ||
| 650 | _aHOUSE PRICES | ||
| 650 | _aHOUSING CONDITIONS | ||
| 650 | _aHOUSING MARKET | ||
| 650 | _aHOUSING STOCK | ||
| 650 | _aURBAN RENEWAL | ||
| 690 | _aURBAN RENEWAL | ||
| 700 | _aNiner, Pat | ||
| 942 | _n0 | ||
| 948 | _c18/06/1998 | ||
| 999 |
_c97192 _d97192 |
||